Fifa Quarter Finalists - Statistics

General Stats
  • This quiz has been taken 24 times
  • The average score is 12 of 16
Answer Stats
Question Tile Select % Correct
Which countries played the quarter finals? Yes
100%
Which countries played the quarter finals? Yes
100%
Which countries played the quarter finals? Yes
91%
Which countries played the quarter finals? Yes
91%
Which countries played the quarter finals? No
87%
Which countries played the quarter finals? Yes
78%
Which countries played the quarter finals? No
78%
Which countries played the quarter finals? Yes
74%
Which countries played the quarter finals? No
74%
Which countries played the quarter finals? No
70%
Which countries played the quarter finals? Yes
65%
Which countries played the quarter finals? No
65%
Which countries played the quarter finals? Yes
61%
Which countries played the quarter finals? No
43%
Which countries played the quarter finals? No
39%
Which countries played the quarter finals? No
35%
No matching quizzes found
Score Distribution
Percent of People with Each Score
Percentile by Number Answered
Your Score History
You have not taken this quiz